Images That Start with 'L' Quiz Stats

Quiz Updated Nov 8, 2017

Also try: Grab Bag (A-Z)
Challenge
Share
Tweet
Score 0/20 Timer 04:00
5 Plays Today
% Correct
lime
97.4%
lava
95.3%
lollipop
93.2%
ladybug
88.8%
LASER
88%
lizard
84.3%
leeches
83.5%
licorice
82.7%
lemurs
81.4%
ladles
79%
% Correct
leek
74%
lynx
71.6%
lance
65.9%
Libya
64.9%
lentils
61.2%
lilac
58.3%
lyre
53%
lambda
49.4%
lead
49%
lichen
39.9%

You're not logged in!

Compare scores with friends on all Sporcle quizzes.
Sign Up with Email
OR
Log In

You Might Also Like...

Show Comments

Extras

Top Quizzes Today


Score Distribution

Your Account Isn't Verified!

In order to create a playlist on Sporcle, you need to verify the email address you used during registration. Go to your Sporcle Settings to finish the process.